Movies Quiz

Random Movies or Letter Quiz

Last 25 Years: 'A' Movies Quiz Stats

 Plays Quiz Updated Jan 1, 2019

Challenge
Share
Tweet
Score 0/25 Timer 08:00
0 Plays Today
% Correct
Avatar
97.3%
The Avengers: Age of Ultron
92.6%
Atomic Blonde
89.6%
Anchorman: The Legend of Ron Burgundy
89.4%
Ace Ventura: Pet Detective
86.6%
The Amazing Spider-Man 2
85.7%
Aquaman
85.3%
Apollo 13
84.7%
Argo
79.2%
Arrival
77.9%
American Hustle
73.5%
Air Force One
68.4%
American Beauty
63.3%
% Correct
American History X
62.9%
Amélie
60.1%
The Artist
58.4%
Australia
57.7%
About a Boy
57%
Almost Famous
53.5%
Atonement
45.1%
Apocalypto
34.9%
Æon Flux
32.3%
The American
32%
American Splendor
10.6%
The Associate
5.8%

You're not logged in!

Compare scores with friends on all Sporcle quizzes.
OR
Log In

You Might Also Like...

Show Comments

Extras

Top Quizzes Today


Score Distribution

Your Account Isn't Verified!

In order to create a playlist on Sporcle, you need to verify the email address you used during registration. Go to your Sporcle Settings to finish the process.

Report this User

Report this user for behavior that violates our Community Guidelines.

Details: